Les 10 villes les plus peuplées de Vienne (86) - Statistiques

Statistiques générales
  • Ce quiz a été pris 34 fois
  • Le résultat moyen est 5 sur 10
Statistiques - réponses
Population Communes % Correct
89 500 Poitiers 89 472
100%
31 100 Châtellerault 31 105
87%
6 800 Loudun 6 791
60%
10 300 Buxerolles 10 253
57%
7 300 Saint-Benoît 7 306
50%
7 000 Chauvigny 7 037
43%
6 300 Migné-Auxances 6 276
40%
7 600 Jaunay-Marigny 7 597
33%
6 200 Vouneuil-sous-Biard 6 245
20%
6 000 Naintré 5 954
17%
Aucun quiz correspondant
Distribution des résultats
% des personnes avec chaque résultat
Percentile par nombre de réponses
Votre historique - résultats
Vous n’avez pas pris ce quiz